[Event "CYCC U08 w"]
[Site "Vancouver CAN"]
[Date "2012.07.04"]
[Round "6"]
[White "Zhao, Cindy Ziyi"]
[Black "Chertkow, Sasha"]
[Result "0-1"]
[WhiteElo "753"]
[BlackElo "816"]
[PlyCount "94"]
[GameId "2160767909508453"]
[EventDate "2012.07.03"]
[EventType "tourn"]
[EventRounds "8"]
[EventCountry "CAN"]
[SourceTitle "EXT 2022"]
[Source "ChessBase"]
[SourceDate "2021.10.06"]
[SourceVersion "1"]
[SourceVersionDate "2021.10.06"]
[SourceQuality "1"]

1. e4 e5 2. Nf3 Nc6 3. Nc3 Nf6 4. Bb5 Bb4 5. O-O O-O 6. d3 Bxc3 7. bxc3 a6 8. Ba4 b5 9. Bb3 d6 10. Bg5 h6 11. Bh4 b4 12. Qd2 a5 13. Ba4 Bd7 14. Bxc6 Bxc6 15. cxb4 a4 16. a3 Qe7 17. c3 Bd7 18. Bxf6 Qxf6 19. d4 Qg6 20. g3 Qxe4 21. Ne1 Bc6 22. f3 Qg6 23. Qe2 Rfe8 24. Qf2 e4 25. Rd1 e3 26. Qe2 Rab8 27. Rd3 Bb5 28. Qc2 Bxd3 29. Nxd3 e2 30. Re1 Qg5 31. Rxe2 Rxe2 32. Qxe2 Kh7 33. f4 Qf5 34. c4 Qf6 35. Qe3 Qf5 36. Qf3 g5 37. g4 Qf6 38. f5 Qxd4+ 39. Kf1 Qa1+ 40. Ne1 Qd4 41. Nc2 Qxc4+ 42. Ke1 Qxc2 43. Qe2 Qc1+ 44. Qd1 Re8+ 45. Kf2 Qxd1 46. Kg2 Qc2+ 47. Kg1 Re1# 0-1

[Event "CYCC U08 w"]
[Site "Vancouver CAN"]
[Date "2012.07.04"]
[Round "7"]
[White "Chertkow, Sasha"]
[Black "Guo, Hazel"]
[Result "0-1"]
[WhiteElo "816"]
[BlackElo "889"]
[PlyCount "81"]
[GameId "2160767909508454"]
[EventDate "2012.07.03"]
[EventType "tourn"]
[EventRounds "8"]
[EventCountry "CAN"]
[SourceTitle "EXT 2022"]
[Source "ChessBase"]
[SourceDate "2021.10.06"]
[SourceVersion "1"]
[SourceVersionDate "2021.10.06"]
[SourceQuality "1"]

1. e4 c5 2. Nf3 d6 3. Bb5+ Bd7 4. Bc4 g6 5. O-O Nf6 6. Nc3 Bg7 7. Bxf7+ Kxf7 8. Ng5+ Ke8 9. Qf3 h6 10. Nd5 Bg4 11. Nxf6+ exf6 12. Qxg4 fxg5 13. Qe6+ Qe7 14. Qc8+ Qd8 15. Qxb7 Nd7 16. Re1 Kf8 17. Rb1 Kg8 18. b4 cxb4 19. Rxb4 Rb8 20. Qd5+ Kh7 21. Rxb8 Qxb8 22. h3 Rf8 23. Ba3 Qb6 24. Rf1 Rf6 25. e5 Nxe5 26. Kh2 Qa6 27. Rb1 Qxa3 28. Rb8 Nf7 29. Qb7 Rxf2 30. Qc8 h5 31. Qg8+ Kh6 32. Rf8 Bxf8 33. Qxf8+ Kh7 34. d3 Qc5 35. Kg3 Qe3+ 36. Kh2 Qe5+ 37. Kg1 Rf5 38. Qa8 g4 39. h4 g3 40. Qe4 Qa1+ 41. Qe1 0-1

[Event "CYCC U08 w"]
[Site "Vancouver CAN"]
[Date "2012.07.04"]
[Round "7"]
[White "Tan, Kylie"]
[Black "Murray, Sarah"]
[Result "1/2-1/2"]
[WhiteElo "815"]
[BlackElo "387"]
[PlyCount "27"]
[GameId "2160767909508455"]
[EventDate "2012.07.03"]
[EventType "tourn"]
[EventRounds "8"]
[EventCountry "CAN"]
[SourceTitle "EXT 2022"]
[Source "ChessBase"]
[SourceDate "2021.10.06"]
[SourceVersion "1"]
[SourceVersionDate "2021.10.06"]
[SourceQuality "1"]

1. e4 c5 2. d4 cxd4 3. c3 e5 4. Nf3 Nc6 5. Bc4 Be7 6. O-O dxc3 7. Nxc3 Nf6 8. Nd5 Nxd5 9. Qxd5 O-O 10. Nxe5 Nxe5 11. Qxe5 d6 12. Qg3 Bh4 13. Qe3 h6 14. b4 1/2-1/2

[Event "CYCC U08 w"]
[Site "Vancouver CAN"]
[Date "2012.07.05"]
[Round "8"]
[White "Murray, Sarah"]
[Black "Chertkow, Sasha"]
[Result "0-1"]
[WhiteElo "387"]
[BlackElo "816"]
[PlyCount "108"]
[GameId "2160767909508456"]
[EventDate "2012.07.03"]
[EventType "tourn"]
[EventRounds "8"]
[EventCountry "CAN"]
[SourceTitle "EXT 2022"]
[Source "ChessBase"]
[SourceDate "2021.10.06"]
[SourceVersion "1"]
[SourceVersionDate "2021.10.06"]
[SourceQuality "1"]

1. e4 e5 2. Nf3 Nc6 3. Bc4 Nf6 4. Ng5 d5 5. exd5 Bc5 6. d6 O-O 7. Bxf7+ Rxf7 8. Nxf7 Kxf7 9. Nc3 Kg8 10. Qe2 Bxd6 11. Qc4+ Be6 12. Nd5 Bxd5 13. Qd3 Nb4 14. Qg3 e4 15. Qg5 Nxc2+ 16. Kd1 Nxa1 17. b3 Be7 18. Bb2 Ne8 19. Qg4 g6 20. Qf4 Bd6 21. Qe3 Nf6 22. Qc3 Kf7 23. Rf1 Qe7 24. f3 e3 25. dxe3 Be5 26. Qxe5 Qxe5 27. Bxe5 Nd7 28. Bxa1 Kg8 29. e4 Bc6 30. Ke2 Bb5+ 31. Kf2 Bxf1 32. Kxf1 Re8 33. h3 h5 34. g4 h4 35. a4 Ne5 36. f4 Nd3 37. e5 Nxf4 38. Kg1 Nd3 39. g5 Nxe5 40. Bxe5 Rxe5 41. Kf2 Rxg5 42. Kf3 Rg3+ 43. Kf2 Rxh3 44. b4 Ra3 45. a5 b5 46. Ke2 Ra4 47. Kd3 Rxb4 48. Kc3 Rg4 49. a6 h3 50. Kd2 h2 51. Ke2 h1=Q 52. Ke3 Qh3+ 53. Kd2 Rg2+ 54. Kc1 Qh1# 0-1

[Event "CYCC U08 w"]
[Site "Vancouver CAN"]
[Date "2012.07.05"]
[Round "8"]
[White "Zhao, Cindy Ziyi"]
[Black "Guo, Hazel"]
[Result "1-0"]
[WhiteElo "753"]
[BlackElo "889"]
[PlyCount "57"]
[GameId "2160767909508457"]
[EventDate "2012.07.03"]
[EventType "tourn"]
[EventRounds "8"]
[EventCountry "CAN"]
[SourceTitle "hb 2012"]

1. e4 c5 2. Nf3 d6 3. Bb5+ Bd7 4. Nc3 g6 5. O-O Bg7 6. Qe2 a6 7. Bxd7+ Nxd7 8. d3 h6 9. Bf4 Ngf6 10. Rae1 O-O 11. Bg3 Qb6 12. b3 Nh5 13. Nd5 Qd8 14. Bh4 f5 15. Bxe7 Qe8 16. Bxf8 Qxf8 17. exf5 Qxf5 18. Ne7+ Kh7 19. Nxf5 gxf5 20. Qe6 Nhf6 21. Qxf5+ Kg8 22. Re7 Rd8 23. g4 h5 24. gxh5 a5 25. Qg6 Nxh5 26. Qxh5 Rf8 27. Qg6 Rf7 28. Qxf7+ Kh8 29. Qxg7# 1-0

[Event "CYCC U08 w"]
[Site "Vancouver CAN"]
[Date "2012.07.05"]
[Round "9"]
[White "Chertkow, Sasha"]
[Black "Tan, Kylie"]
[Result "1/2-1/2"]
[WhiteElo "816"]
[BlackElo "815"]
[PlyCount "80"]
[GameId "2160767909508458"]
[EventDate "2012.07.03"]
[EventType "tourn"]
[EventRounds "8"]
[EventCountry "CAN"]
[SourceTitle "EXT 2022"]
[Source "ChessBase"]
[SourceDate "2021.10.06"]
[SourceVersion "1"]
[SourceVersionDate "2021.10.06"]
[SourceQuality "1"]

1. e4 e5 2. Nf3 Nc6 3. Bb5 Nf6 4. O-O g6 5. d3 Bg7 6. Nc3 O-O 7. Bg5 h6 8. Bxf6 Qxf6 9. Nd5 Qd8 10. c4 Nd4 11. Nxd4 exd4 12. Ba4 d6 13. Nf4 Qg5 14. Qf3 Qg4 15. Qxg4 Bxg4 16. h3 Be6 17. Nxe6 fxe6 18. Rac1 b6 19. Bc6 Rad8 20. b4 a5 21. bxa5 bxa5 22. Rb1 Rb8 23. Rxb8 Rxb8 24. Bd7 e5 25. f4 exf4 26. Rxf4 Rf8 27. Be6+ Kh8 28. Rxf8+ Bxf8 29. Kh2 Kg7 30. Kg3 Kf6 31. Bc8 Kg5 32. h4+ Kf6 33. Kf4 g5+ 34. hxg5+ hxg5+ 35. Kg4 Be7 36. Bb7 Bf8 37. Ba6 Bg7 38. Bb5 Bf8 39. Ba4 Be7 40. Bd1 Bf8 1/2-1/2

[Event "CYCC U08 w"]
[Site "Vancouver CAN"]
[Date "2012.07.06"]
[Round "9"]
[White "Zhao, Cindy Ziyi"]
[Black "Murray, Sarah"]
[Result "1/2-1/2"]
[WhiteElo "753"]
[BlackElo "387"]
[PlyCount "181"]
[GameId "2160767909508459"]
[EventDate "2012.07.03"]
[EventType "tourn"]
[EventRounds "8"]
[EventCountry "CAN"]
[SourceTitle "hb 2012"]

1. e4 e5 2. Nf3 Nf6 3. Nc3 Nc6 4. Bb5 Bc5 5. d3 Ng4 6. Be3 Nxe3 7. fxe3 Bxe3 8. Bxc6 dxc6 9. Nxe5 O-O 10. Qe2 Bd4 11. Nf3 Bxc3+ 12. bxc3 Bg4 13. O-O Qe7 14. Rab1 b5 15. d4 Be6 16. Ra1 Bc4 17. Qe3 Bxf1 18. Rxf1 a5 19. Rb1 Rab8 20. Qf4 b4 21. cxb4 axb4 22. e5 b3 23. cxb3 Qb4 24. Qd2 Qxd2 25. Nxd2 Rfd8 26. Nf3 Rd5 27. a4 Rbd8 28. Ra1 h5 29. a5 g5 30. a6 g4 31. Nd2 Rxd4 32. Nc4 Rd1+ 33. Rxd1 Rxd1+ 34. Kf2 Ra1 35. Ke3 Rxa6 36. Kd4 h4 37. Ke4 h3 38. g3 Kh7 39. Kf4 Ra2 40. Kxg4 Rxh2 41. Kh4 Rh1 42. g4 h2 43. Kh3 Kg6 44. Kg2 Rb1 45. Kxh2 Rxb3 46. Kg2 f6 47. Kf2 Rb4 48. Ne3 fxe5 49. Kf3 c5 50. Nd5 Ra4 51. Nxc7 c4 52. Ke3 Ra3+ 53. Kd2 Kg5 54. Nd5 Kxg4 55. Ne3+ Kf4 56. Nxc4 Ra2+ 57. Kc3 e4 58. Nb2 e3 59. Kc2 Kf3 60. Kd1 Kf2 61. Nd3+ Kf3 62. Ne1+ Kf2 63. Nd3+ Kf3 64. Nc1 Kf2 65. Nd3+ Kf3 66. Nc1 Ra1 67. Kc2 Rxc1+ 68. Kxc1 Kf2 69. Kd1 e2+ 70. Kd2 e1=Q+ 71. Kd3 Qe3+ 72. Kc4 Ke2 73. Kd5 Kd3 74. Kd6 Qd4+ 75. Ke6 Ke4 76. Ke7 Ke5 77. Kf7 Qd6 78. Kg7 Kf5 79. Kf7 Qf6+ 80. Ke8 Ke5 81. Kd7 Qd6+ 82. Kc8 Qb6 83. Kd7 Kd5 84. Kc8 Qd6 85. Kb7 Kc5 86. Ka7 Qb6+ 87. Ka8 Qa6+ 88. Kb8 Qb5+ 89. Kc7 Qb6+ 90. Kc8 Kb5 91. Kd7 1/2-1/2

[Event "CYCC U08 w"]
[Site "Vancouver CAN"]
[Date "2012.07.05"]
[Round "10"]
[White "Tan, Kylie"]
[Black "Zhao, Cindy Ziyi"]
[Result "0-1"]
[WhiteElo "815"]
[BlackElo "753"]
[PlyCount "126"]
[GameId "2160767909508460"]
[EventDate "2012.07.03"]
[EventType "tourn"]
[EventRounds "8"]
[EventCountry "CAN"]
[SourceTitle "EXT 2022"]
[Source "ChessBase"]
[SourceDate "2021.10.06"]
[SourceVersion "1"]
[SourceVersionDate "2021.10.06"]
[SourceQuality "1"]

1. e4 e5 2. Nf3 Nc6 3. Nc3 Nf6 4. Bb5 Bb4 5. O-O O-O 6. Bxc6 bxc6 7. a3 Bc5 8. b4 Bb6 9. d3 d6 10. Bg5 Bg4 11. h3 Be6 12. Bxf6 Qxf6 13. Qd2 Qg6 14. Qg5 Qxg5 15. Nxg5 Bd7 16. Nf3 Be6 17. Rae1 c5 18. bxc5 Bxc5 19. Rb1 Rab8 20. Rxb8 Rxb8 21. Rb1 Rb6 22. Rxb6 axb6 23. a4 Kf8 24. Nb5 c6 25. Nc7 Bd7 26. Kf1 Ke7 27. Ke2 Kd8 28. Na6 Ba3 29. Ng5 f6 30. Nxh7 Kc8 31. c3 c5 32. g4 Kb7 33. Nf8 Bxa4 34. Nxc5+ bxc5 35. Ne6 g5 36. Nd8+ Kc7 37. Ne6+ Kd7 38. Nf8+ Ke7 39. Nh7 Kf7 40. h4 Kg7 41. hxg5 Kxh7 42. gxf6 Be8 43. g5 Kg6 44. d4 Kxg5 45. dxe5 dxe5 46. Kf3 Kxf6 47. Kg4 c4 48. f4 exf4 49. Kxf4 Ke6 50. e5 Bb2 51. Ke3 Bxc3 52. Ke2 Ba4 53. Ke3 Kxe5 54. Ke2 Bb4 55. Ke3 c3 56. Kd3 c2 57. Kc4 c1=Q+ 58. Kxb4 Qc2 59. Ka5 Qb3 60. Ka6 Qb5+ 61. Ka7 Kd6 62. Ka8 Kc7 63. Ka7 Qb7# 0-1

[Event "CYCC U08 w"]
[Site "Vancouver CAN"]
[Date "2012.07.06"]
[Round "10"]
[White "Murray, Sarah"]
[Black "Guo, Hazel"]
[Result "0-1"]
[WhiteElo "387"]
[BlackElo "889"]
[PlyCount "120"]
[GameId "2160767909508461"]
[EventDate "2012.07.03"]
[EventType "tourn"]
[EventRounds "8"]
[EventCountry "CAN"]
[SourceTitle "hb 2012"]

1. e4 c5 2. Nf3 d6 3. Bc4 Nf6 4. Nc3 g6 5. Ng5 e6 6. Nf3 Bg7 7. d3 Nc6 8. Bg5 h6 9. Bxf6 Qxf6 10. a3 a6 11. a4 Nd4 12. Nxd4 cxd4 13. Ne2 O-O 14. a5 b5 15. axb6 Bb7 16. O-O d5 17. Bb3 dxe4 18. dxe4 Bxe4 19. c3 Qg5 20. Ng3 dxc3 21. Nxe4 Qf4 22. Nxc3 Qe5 23. g3 Qg5 24. Bc2 Rfd8 25. Qf3 Rab8 26. b7 Rd2 27. Be4 Rxb2 28. h4 Qd2 29. Rxa6 Qxc3 30. Qxc3 Bxc3 31. Ra7 Bd4 32. Raa1 R2xb7 33. Rab1 Rxb1 34. Bxb1 f5 35. Ba2 Kf7 36. Kg2 Kf6 37. Kf3 e5 38. Ke2 Rb2+ 39. Kd3 Rxa2 40. f4 Rg2 41. Re1 Rxg3+ 42. Kc4 Rc3+ 43. Kd5 exf4 44. Re6+ Kf7 45. Kxd4 Re3 46. Rxe3 fxe3 47. Kxe3 g5 48. hxg5 hxg5 49. Kf3 Ke6 50. Ke3 Ke5 51. Kf3 f4 52. Kg4 Ke4 53. Kxg5 f3 54. Kg4 f2 55. Kg3 f1=Q 56. Kh4 Qg2 57. Kh5 Kf4 58. Kh6 Kf5 59. Kh7 Kf6 60. Kh8 Qg7# 0-1

[Event "CYCC U10"]
[Site "Vancouver CAN"]
[Date "2012.07.03"]
[Round "1"]
[White "Chung, Alec"]
[Black "Zhang, Zhehai"]
[Result "0-1"]
[WhiteElo "663"]
[BlackElo "1301"]
[PlyCount "128"]
[GameId "2160767909508462"]
[EventDate "2012.07.03"]
[EventType "swiss"]
[EventRounds "7"]
[EventCountry "CAN"]
[SourceTitle "hb 2012"]

1. b3 e5 2. Bb2 Nc6 3. c4 Nf6 4. e3 Be7 5. Be2 O-O 6. d3 Bb4+ 7. Nd2 a6 8. a3 Bc5 9. b4 Ba7 10. Ngf3 d6 11. O-O Bf5 12. Qc2 Qd7 13. e4 Be6 14. Rac1 Rfc8 15. Rfd1 Qe7 16. Nb3 Rab8 17. d4 exd4 18. Nbxd4 Nxd4 19. Nxd4 c6 20. c5 dxc5 21. bxc5 Bd7 22. Bf3 b6 23. cxb6 Bxb6 24. Nf5 Bxf5 25. exf5 Rb7 26. Re1 Qd6 27. Rcd1 Qc5 28. Qxc5 Bxc5 29. Bc1 Re7 30. Rxe7 Bxe7 31. a4 Nd5 32. Bxd5 cxd5 33. h3 Bf6 34. Be3 d4 35. Bf4 Kf8 36. Bd6+ Ke8 37. Kf1 Kd7 38. Bf4 Rc4 39. Ke2 Rxa4 40. g4 h6 41. Bc1 Rb4 42. Ba3 Rc4 43. Bc1 Kc6 44. Bb2 a5 45. Kd3 Kd5 46. Ra1 a4 47. f3 Rb4 48. Bc1 Rb3+ 49. Kd2 Bg5+ 50. Kd1 Bxc1 51. Kxc1 a3 52. h4 Rxf3 53. g5 Rf1+ 54. Kc2 Rxa1 55. f6 gxf6 56. gxh6 Rh1 57. h7 Rxh4 58. h8=Q Rxh8 59. Kb3 a2 60. Kxa2 Rb8 61. Ka3 Kc4 62. Ka2 Kc3 63. Ka1 Kc2 64. Ka2 Ra8# 0-1

[Event "CYCC U10"]
[Site "Vancouver CAN"]
[Date "2012.07.03"]
[Round "1"]
[White "Doknjas, Joshua"]
[Black "Madokoro, Aidan"]
[Result "1-0"]
[WhiteElo "1628"]
[BlackElo "788"]
[PlyCount "45"]
[GameId "2160767909508463"]
[EventDate "2012.07.03"]
[EventType "swiss"]
[EventRounds "7"]
[EventCountry "CAN"]
[SourceTitle "hb 2012"]

1. e4 c5 2. Nf3 e6 3. d4 cxd4 4. Nxd4 a6 5. Nc3 Qc7 6. Bd3 b5 7. Be3 Bb7 8. Qd2 Bc5 9. f4 d6 10. O-O Ne7 11. Qf2 Nbc6 12. f5 exf5 13. Nxf5 Bxe3 14. Nxg7+ Kd8 15. Qxe3 Ne5 16. Nf5 Nc4 17. Qd4 Ng6 18. Bxc4 bxc4 19. Nxd6 Rg8 20. Nxb7+ Kc8 21. Nd6+ Kb8 22. Rxf7 Qd8 23. Rb7# 1-0

[Event "CYCC U10"]
[Site "Vancouver CAN"]
[Date "2012.07.03"]
[Round "1"]
[White "Eirew, Milo"]
[Black "Ghodsi, Soroush"]
[Result "0-1"]
[WhiteElo "571"]
[BlackElo "960"]
[PlyCount "46"]
[GameId "2160767909508464"]
[EventDate "2012.07.03"]
[EventType "swiss"]
[EventRounds "7"]
[EventCountry "CAN"]
[SourceTitle "hb 2012"]

1. e4 Nf6 2. Nc3 e5 3. Nf3 Nc6 4. d4 exd4 5. Nxd4 Bb4 6. Nxc6 bxc6 7. Bg5 h6 8. Bxf6 Qxf6 9. a3 Bxc3+ 10. bxc3 Qxc3+ 11. Ke2 Ba6+ 12. Qd3 Bxd3+ 13. cxd3 Qxa1 14. g3 Qxa3 15. Bh3 Rb8 16. Kf3 Qxd3+ 17. Kf4 g5+ 18. Kg4 f5+ 19. Kxf5 Rf8+ 20. Kg6 Rb5 21. Bf1 Qxe4+ 22. Kg7 Rf7+ 23. Kg8 Qh7# 0-1

[Event "CYCC U10"]
[Site "Vancouver CAN"]
[Date "2012.07.03"]
[Round "1"]
[White "Fox, Dylan"]
[Black "Chen, Philip X"]
[Result "0-1"]
[WhiteElo "579"]
[BlackElo "1217"]
[PlyCount "170"]
[GameId "2160767909508465"]
[EventDate "2012.07.03"]
[EventType "swiss"]
[EventRounds "7"]
[EventCountry "CAN"]
[SourceTitle "EXT 2022"]
[Source "ChessBase"]
[SourceDate "2021.10.06"]
[SourceVersion "1"]
[SourceVersionDate "2021.10.06"]
[SourceQuality "1"]

1. e4 c5 2. Nf3 d6 3. Bb5+ Nd7 4. O-O Ngf6 5. Nc3 g6 6. h3 Bg7 7. b3 a6 8. Bc4 O-O 9. Bb2 b5 10. Bd3 Bb7 11. g4 b4 12. Ne2 Nxe4 13. Bxe4 Bxe4 14. Ng5 Bxb2 15. Rb1 Bg7 16. Nxe4 Nf6 17. Nxf6+ Bxf6 18. Nf4 Be5 19. Nd3 Bf6 20. Nf4 Qc7 21. Nd5 Qc6 22. Nxf6+ exf6 23. c4 Rfe8 24. Re1 Rxe1+ 25. Qxe1 Re8 26. Qf1 f5 27. gxf5 gxf5 28. Re1 Kf8 29. Rxe8+ Kxe8 30. Qd3 Qd7 31. Qe2+ Qe6 32. Qd3 Ke7 33. f4 Qg6+ 34. Kf1 h5 35. Qe2+ Kd7 36. Qf3 Kc7 37. Qa8 Qg3 38. Qa7+ Kd8 39. Qxa6 Qxf4+ 40. Kg2 Qxd2+ 41. Kg3 Qg5+ 42. Kh2 Qf4+ 43. Kg1 Qg3+ 44. Kf1 Qxh3+ 45. Ke1 Qg3+ 46. Kd1 Ke8 47. Qa8+ Ke7 48. Qb7+ Kf6 49. Qc8 Qf3+ 50. Ke1 Qe3+ 51. Kd1 Qd3+ 52. Ke1 Qb1+ 53. Kd2 Qxa2+ 54. Ke1 Qb1+ 55. Ke2 Qc2+ 56. Kf1 Qd1+ 57. Kf2 Qc2+ 58. Kf1 Qc1+ 59. Kf2 Qf4+ 60. Kg2 Kg5 61. Qd8+ Kg4 62. Qg8+ Qg5 63. Qxg5+ Kxg5 64. Kg3 f4+ 65. Kf3 h4 66. Kg2 Kg4 67. Kf2 h3 68. Kg1 f3 69. Kf2 h2 70. Ke3 h1=Q 71. Ke4 Qe1+ 72. Kd5 Qd2+ 73. Ke4 Qf4+ 74. Kd5 Qe5+ 75. Kc6 Kf5 76. Kb5 Qe8+ 77. Ka5 Qd7 78. Kb6 Ke6 79. Ka6 Ke7 80. Kb6 Kd8 81. Ka5 Kc8 82. Kb6 Kb8 83. Ka6 Qc6+ 84. Ka5 Qb7 85. Ka4 Qa6# 0-1

[Event "CYCC U10"]
[Site "Vancouver CAN"]
[Date "2012.07.03"]
[Round "1"]
[White "Geng, Matthew"]
[Black "Zhang, Clark"]
[Result "1-0"]
[WhiteElo "1187"]
[BlackElo "1013"]
[PlyCount "81"]
[GameId "2160767909508466"]
[EventDate "2012.07.03"]
[EventType "swiss"]
[EventRounds "7"]
[EventCountry "CAN"]
[SourceTitle "hb 2012"]

1. e4 e5 2. Nf3 Nc6 3. Bc4 Bc5 4. d3 Nf6 5. O-O O-O 6. Nc3 d6 7. a3 h6 8. b4 Bb6 9. h3 a6 10. Bb2 Re8 11. Qd2 Nd4 12. Nxd4 Bxd4 13. Rab1 Be6 14. Bxe6 Rxe6 15. Ne2 Bb6 16. Kh1 Qd7 17. f4 Rd8 18. c4 c5 19. Nc3 cxb4 20. axb4 Ba7 21. Nd5 Nxd5 22. exd5 Re7 23. Rf3 Rde8 24. fxe5 dxe5 25. Rg3 Kh8 26. Rf1 Bd4 27. Ba3 Qa4 28. Bb2 Qa2 29. Bc1 Qa4 30. Rf5 Qd7 31. Rh5 Qd6 32. Qe1 Qf6 33. Bg5 Qg6 34. Rh4 Rd7 35. Bxh6 Qxh6 36. Rxh6+ gxh6 37. Qe4 Bf2 38. Rg4 Bd4 39. Qf5 Bc3 40. Qf6+ Kh7 41. Qg7# 1-0

[Event "CYCC U10"]
[Site "Vancouver CAN"]
[Date "2012.07.03"]
[Round "1"]
[White "Guo, Thomas"]
[Black "Butchart, Brian"]
[Result "0-1"]
[WhiteElo "1334"]
[BlackElo "649"]
[PlyCount "53"]
[GameId "2160767909508467"]
[EventDate "2012.07.03"]
[EventType "swiss"]
[EventRounds "7"]
[EventCountry "CAN"]
[SourceTitle "hb 2012"]

1. e4 c5 2. Nf3 e6 3. Nc3 Qc7 4. d4 cxd4 5. Qxd4 a6 6. Be3 d6 7. Rd1 Nd7 8. Be2 Ngf6 9. O-O Be7 10. Ne1 O-O 11. f4 e5 12. fxe5 dxe5 13. Qd2 Rd8 14. Nd5 Nxd5 15. Qxd5 Nf6 16. Qb3 Rxd1 17. Bxd1 Be6 18. Qd3 Bc4 19. Qc3 Nxe4 20. Bb6 Qxb6+ 21. Kh1 Nxc3 22. Nd3 Nxd1 23. Rxd1 Rd8 24. Re1 Qf6 25. Nxe5 Qxe5 26. Kg1 Bc5+ 27. Kh1 0-1

[Event "CYCC U10"]
[Site "Vancouver CAN"]
[Date "2012.07.03"]
[Round "1"]
[White "Hua, Eugene"]
[Black "Gaisinsky, Adam"]
[Result "1/2-1/2"]
[WhiteElo "810"]
[BlackElo "904"]
[PlyCount "78"]
[GameId "2160767909508468"]
[EventDate "2012.07.03"]
[EventType "swiss"]
[EventRounds "7"]
[EventCountry "CAN"]
[SourceTitle "hb 2012"]

1. e4 c6 2. d4 d5 3. e5 Bf5 4. Bd3 Bg6 5. Bxg6 hxg6 6. Nf3 e6 7. Nc3 c5 8. Ne2 cxd4 9. Nexd4 Bc5 10. c3 Nd7 11. Bd2 Qc7 12. Rc1 Nxe5 13. Nxe5 Qxe5+ 14. Be3 Rxh2 15. Rxh2 Qxh2 16. Qa4+ Kd8 17. Nxe6+ fxe6 18. Bxc5 Qh1+ 19. Kd2 Qh6+ 20. Kd1 Qh1+ 21. Kd2 Qxg2 22. Qa5+ Ke8 23. Qb5+ Kd8 24. Qxb7 Qg5+ 25. Kc2 Rc8 26. Qxa7 Qf5+ 27. Kb3 Qe5 28. Qb6+ Qc7 29. Qxe6 Qxc5 30. Qxg8+ Kc7 31. Qxg7+ Kd8 32. Qxg6 Rb8+ 33. Kc2 Qxf2+ 34. Kd3 Qf3+ 35. Kd4 Qf4+ 36. Kxd5 Qxc1 37. Qd6+ Kc8 38. Qc6+ Kd8 39. Qd6+ Kc8 1/2-1/2

[Event "CYCC U10"]
[Site "Vancouver CAN"]
[Date "2012.07.03"]
[Round "1"]
[White "Jiang, Jerry"]
[Black "Tolentino, Patrick Angelo"]
[Result "0-1"]
[WhiteElo "416"]
[BlackElo "1112"]
[PlyCount "74"]
[GameId "2160767909508469"]
[EventDate "2012.07.03"]
[EventType "swiss"]
[EventRounds "7"]
[EventCountry "CAN"]
[SourceTitle "EXT 2022"]
[Source "ChessBase"]
[SourceDate "2021.10.06"]
[SourceVersion "1"]
[SourceVersionDate "2021.10.06"]
[SourceQuality "1"]

1. e4 e5 2. Bc4 Nf6 3. Nc3 Nc6 4. Nf3 Be7 5. d3 d6 6. Be3 O-O 7. O-O Be6 8. Ng5 Bxc4 9. dxc4 Re8 10. Nd5 h6 11. Nf3 Nxe4 12. Qd3 Nf6 13. Nxf6+ Bxf6 14. Rad1 e4 15. Qe2 exf3 16. Qxf3 Qe7 17. h3 Rad8 18. Rfe1 Ne5 19. Qg3 Kh8 20. Bd4 Qd7 21. Bxe5 Bxe5 22. c5 Bxg3 23. Rxe8+ Qxe8 24. fxg3 dxc5 25. Rxd8 Qxd8 26. Kf2 Qd2+ 27. Kf3 Qxc2 28. a3 Qxb2 29. Kf4 c4 30. g4 c3 31. g5 c2 32. gxh6 c1=R 33. hxg7+ Kxg7 34. g4 Qd4+ 35. Kg3 Rc3+ 36. Kh4 Kh6 37. a4 Qf2# 0-1

[Event "CYCC U10"]
[Site "Vancouver CAN"]
[Date "2012.07.03"]
[Round "1"]
[White "Jing, Ryan"]
[Black "Thomson, Noah"]
[Result "1-0"]
[WhiteElo "913"]
[BlackElo "622"]
[PlyCount "133"]
[GameId "2160767909508470"]
[EventDate "2012.07.03"]
[EventType "swiss"]
[EventRounds "7"]
[EventCountry "CAN"]
[SourceTitle "hb 2012"]

1. e4 b6 2. Nf3 Bb7 3. Nc3 e6 4. Bc4 d5 5. exd5 exd5 6. Bb3 d4 7. Qe2+ Qe7 8. Qxe7+ Kxe7 9. Nxd4 Bxg2 10. Rg1 Bh3 11. d3 g6 12. Bf4 Bg7 13. Ndb5 Bxc3+ 14. Nxc3 c6 15. O-O-O Nd7 16. Bg5+ f6 17. Bh6 Nxh6 18. Rg3 Be6 19. Re1 Nf5 20. Rxe6+ Kd8 21. Rg1 Nd4 22. Re3 Nxb3+ 23. axb3 f5 24. f4 Nf6 25. Re6 Nd5 26. Rd6+ Kc8 27. Nxd5 cxd5 28. Rxd5 h6 29. Rxg6 Kb7 30. Rg7+ Ka6 31. b4 Rhe8 32. Kd2 Rab8 33. Rxf5 Rb7 34. Rg6 Rbe7 35. b5+ Ka5 36. Kc3 Rc8+ 37. Kb3 Rec7 38. Rg1 Rc5 39. Ra1+ Kxb5 40. c4+ Kc6 41. Rxc5+ Kxc5 42. Rxa7 Rf8 43. Rc7+ Kd6 44. Rb7 Rxf4 45. Rxb6+ Kc7 46. Rxh6 Rf8 47. Rh7+ Kc8 48. Ra7 Kb8 49. Re7 Ka8 50. c5 Rb8+ 51. Ka2 Rc8 52. b4 Rh8 53. Re2 Kb7 54. b5 Rc8 55. d4 Ra8+ 56. Kb3 Kb8 57. b6 Kc8 58. c6 Kd8 59. c7+ Kc8 60. Re8+ Kd7 61. Rxa8 Ke7 62. b7 Kd6 63. c8=Q Kd5 64. b8=Q Kxd4 65. Qc4+ Ke3 66. Qe5+ Kd2 67. Qee2# 1-0

[Event "CYCC U10"]
[Site "Vancouver CAN"]
[Date "2012.07.03"]
[Round "1"]
[White "Ming, Wenyang"]
[Black "Rodzik, Cameron"]
[Result "1-0"]
[WhiteElo "1324"]
[BlackElo "593"]
[PlyCount "49"]
[GameId "2160767909508471"]
[EventDate "2012.07.03"]
[EventType "swiss"]
[EventRounds "7"]
[EventCountry "CAN"]
[SourceTitle "hb 2012"]

1. e4 e5 2. Nf3 Nf6 3. Nxe5 Qe7 4. Nf3 Nxe4 5. Be2 Nc6 6. O-O d5 7. Re1 Qd8 8. Bb5 Bc5 9. d4 Bb6 10. Nc3 Bg4 11. Nxe4 a6 12. Bxc6+ bxc6 13. Nf6+ Kf8 14. Re8+ Qxe8 15. Nxe8 Rxe8 16. Be3 c5 17. dxc5 Ba5 18. Qxd5 Be6 19. Qd4 c6 20. Qd6+ Kg8 21. Qxc6 h5 22. Qxe8+ Kh7 23. Ng5+ Kg6 24. Qxh8 f6 25. Qh7# 1-0

[Event "CYCC U10"]
[Site "Vancouver CAN"]
[Date "2012.07.03"]
[Round "1"]
[White "Novakovic, David"]
[Black "Pulfer, Luke"]
[Result "0-1"]
[WhiteElo "767"]
[BlackElo "1667"]
[PlyCount "74"]
[GameId "2160767909508472"]
[EventDate "2012.07.03"]
[EventType "swiss"]
[EventRounds "7"]
[EventCountry "CAN"]
[SourceTitle "hb 2012"]

1. d4 d5 2. Nf3 Nf6 3. Nc3 e6 4. e3 Be7 5. Be2 O-O 6. O-O b6 7. Ng5 h6 8. Nf3 Bb7 9. Qd3 Ne4 10. Nd2 Nf6 11. e4 dxe4 12. Ndxe4 Nc6 13. Be3 Nb4 14. Nxf6+ Bxf6 15. Qd1 Nd5 16. Bf3 Nxe3 17. fxe3 Bxf3 18. Rxf3 c5 19. Nb5 a6 20. Nc3 cxd4 21. exd4 Qxd4+ 22. Qxd4 Bxd4+ 23. Kf1 Rfd8 24. Ke2 Rac8 25. Raf1 f6 26. Rd1 e5 27. b3 Re8 28. Ne4 Rxc2+ 29. Rd2 Rxd2+ 30. Kxd2 Rd8 31. Kc2 Kf7 32. g4 Ke6 33. Rd3 g6 34. h4 f5 35. gxf5+ gxf5 36. Nf2 e4 37. Nxe4 fxe4 0-1

[Event "CYCC U10"]
[Site "Vancouver CAN"]
[Date "2012.07.03"]
[Round "1"]
[White "Rapin, Oliver"]
[Black "Talukdar, Rohan"]
[Result "0-1"]
[WhiteElo "641"]
[BlackElo "1254"]
[PlyCount "60"]
[GameId "2160767909508473"]
[EventDate "2012.07.03"]
[EventType "swiss"]
[EventRounds "7"]
[EventCountry "CAN"]
[SourceTitle "EXT 2022"]
[Source "ChessBase"]
[SourceDate "2021.10.06"]
[SourceVersion "1"]
[SourceVersionDate "2021.10.06"]
[SourceQuality "1"]

1. Nf3 Nf6 2. g3 e6 3. Bg2 d5 4. b3 Be7 5. Ne5 Bd6 6. Nf3 O-O 7. Nd4 a6 8. d3 c5 9. Nf5 exf5 10. Nc3 Be6 11. Bb2 Qe7 12. a3 d4 13. Nb1 Bd5 14. Rg1 Bxg2 15. Rxg2 Nc6 16. b4 cxb4 17. axb4 Bxb4+ 18. c3 dxc3 19. Bxc3 Bxc3+ 20. Nxc3 Rfe8 21. f3 Nd4 22. Ra2 Nxf3+ 23. Kf1 Ng4 24. exf3 Ne3+ 25. Ke1 Nxd1+ 26. Kxd1 Qe1+ 27. Kc2 Rac8 28. Ra3 b5 29. Re2 Rxe2+ 30. Kb3 Qxc3# 0-1